01644ngm a2200325 a 450000500170000000800410001702000180005808200180007624500710009425000220016526400430018730000570023033600270028733700330031433800280034749000460037550000550042150000460047650504160052265000500093865000650098870000360105370000360108970000410112570000400116670000490120694200130125504000350126899900150130320220317001421.0161108s2010 ck g 000 0 spa  a978958747041304a791.437 bD3200a10 grandes películas de la historia del cinehvideodisco digital aPrimera edición 1aBogotábFonolibros de Colombiac2010 a6 DVDbsonido, en blanco y negroc12 cm.e1 cartilla atextobtxt2rdacontent asin mediaciónbn2rdamedia avolumenbnc2rdacarrier aCine club películas para coleccionistas aIncluye libro con las reseñas de las películas aPelículas con subtítulos en español aDVD 1. El ciudadano Kane / Orson Welles -- DVD 2. La vida es maravillosa / Frank Kapra -- DVD 3. Casablanca / Michael Curtiz ; Rembrandt / Alexander Korda -- DVD 4. Tiempos modernos / Charles Chaplin ; Cantando bajo la lluvia / Gene Kelly, Stanley Donen -- DVD 5. El acorazado Potemkin / Serguéi M. Eisenstein -- Sucedió una noche / Frank Capra -- DVD 6. Psycho / Alfred Hitchcock -- Laura -- Otto Preminger142LEMBaCine e historia vVideodiscosySiglo XX142LEMB aPelículas cinematografiaras vVideodiscosySiglo XX1 aWelles, Orsond1915-19859716531 aCapra, Frank,d1897-19919727101 aCurtiz, Michael, d1888-196291152791 aKorda, Alexanderd1893-195691152801 aChaplin, Charles Spencerd1889-1977 9115281 2ddccDVD aCO-BoRNBPbspaerdacCO-BoRNBP c6917d6917